LEADER 00840nam2 2200217 450 001 000017663 005 20081015125759.0 100 $a20081015d1988----km-y0itay50------ba 101 0 $aita 102 $aLU 105 $aa-------001yy 200 1 $aCreazione di uno spazio finanziario europeo$eliberalizzazione dei movimenti di capitali e integrazione finanziaria nella Comunità$fComunità europee, Commissione 210 $aLussemburgo$cUfficio delle pubblicazioni ufficiali delle Comunità europee$d1988 215 $a223 p.$cill.$d29 cm 461 1$1001000017669$12001$aEconomia europea 710 02$aCommissione delle comunità europee$0333284 801 0$aIT$bUNIPARTHENOPE$c20081015$gRICA$2UNIMARC 912 $a000017663 951 $a424/41$b6614$cNAVA2 996 $aCreazione di uno spazio finanziario europeo$91202045 997 $aUNIPARTHENOPE LEADER 00769nam0-22003011i-450- 001 990003083340403321 035 $a000308334 035 $aFED01000308334 035 $a(Aleph)000308334FED01 035 $a000308334 100 $a20000920d1965----km-y0itay50------ba 101 0 $aita 102 $aIT 200 1 $a<>France pauvre$fPaul-Marie de la Gorge. 210 $aParis$cBernard Grasset$d1965. 215 $a287 p.$d21 cm 610 0 $aPovertà$aFrancia 676 $a20140 676 $aF/1.421 702 1$aLa Gorge,$bPaul-Marie : de 801 0$aIT$bUNINA$gRICA$2UNIMARC 901 $aBK 912 $a990003083340403321 952 $aF/1.421 LAG$b036696$fSES 959 $aSES 996 $aFrance pauvre$9460652 997 $aUNINA DB $aING01